Loading...
| History - European | 0 | 7 | 0 | 1 | 70 | 56 | 84.29 | 5 | 7 | 22.72 | 53.03 |
| Science - Biology | 0 | 5 | 0 | 0 | 50 | 14 | 49.00 | 2 | 5 | 25.60 | 38.64 |
| Religion | 0 | 3 | 0 | 2 | 30 | 65 | 104.33 | 1 | 3 | 5.36 | 15.91 |
| Social Science | 0 | 3 | 0 | 0 | 30 | 60 | 65.33 | 0 | 3 | 10.76 | 15.91 |
| Science - Physics | 0 | 3 | 1 | 1 | 25 | 41 | 91.00 | 1 | 3 | 6.99 | 18.18 |
| Science - Chemistry | 0 | 3 | 1 | 0 | 25 | 32 | 52.00 | 2 | 3 | 15.08 | 21.97 |
| History - American | 0 | 2 | 0 | 0 | 20 | 59 | 92.00 | 0 | 2 | 4.61 | 11.36 |
| Mythology | 0 | 1 | 0 | 0 | 10 | 69 | 69.00 | 1 | 1 | 4.51 | 9.09 |
| Geography | 0 | 1 | 0 | 0 | 10 | 124 | 124.00 | 0 | 0 | 0.00 | 12.50 |
| History - Other | 0 | 1 | 0 | 0 | 10 | 37 | 37.00 | 0 | 1 | 6.60 | 6.82 |
| History - World | 0 | 2 | 2 | 1 | 10 | 73 | 107.50 | 1 | 1 | 3.78 | 11.36 |
| Philosophy | 0 | 1 | 0 | 0 | 10 | 100 | 100.00 | 0 | 1 | 0.90 | 6.82 |
| Fine Arts - Other | 0 | 1 | 1 | 1 | 5 | 130 | 130.00 | 1 | 1 | 0.00 | 9.09 |
| Literature - World | 0 | 0 | 1 | 0 | -5 | 0.00 | 0 | 0 | 0.00 | 0.00 |